000 00912nam a2200217Ii 4500
003 JO-AjNU
008 230605s9999||||xx |||||||||||||| ||und||
017 _a2008/3/798
040 _aJO-AjNU
_bara
_erda
_cJO-AjNU
041 _aara
050 1 4 _aHD30.2.J3722.2009
100 3 _aجرادات،عبدالناصر احمد/محمود محمد العجلوني/زياد محمد المشاقبة,
_eauthor
_929224
245 0 0 _aتطبيقات الحاسوب في الادارة والتسويق=Computer Applications in Management&Marketing
250 _aط العربية
264 3 1 _aعمان:دار اليازوري العلمية للنشر والتوزيع،2009
300 _a220ص
336 _atext
_btxt
_2rdacontent
337 _aunmediated
_bn
_2rdamedia
338 _avolume
_bnc
_2rdacarrier
650 4 _aادارة اعمال-معالجة بيانات-نظم معلومات ادارية
_929225
999 _aA11434
_c15002
_d15002